00442nam a2200133Ia 4500008004100000024004800041082001900089100006600108245003200174260002600206600002100232650003800253999001700291260210s9999 xx 000 0 und d a15B-095-BS, 15B-089-BS & 15B-073-BS a004.347072 MUH aMuhammad Ahmed Jamil, Mohaddis Hassan & Hafiz Abdul Rafay 0aLabor on Demand Version 2.0 aKarachi:bUITU,c2015 aComputer Science aBachelor of Computer Science (BS) c32322d32322